[Event "Tradewise Gibraltar 2012 - Challenger B"]
[Site "Gibraltar ENG"]
[Date "2012.01.28"]
[Round "1.1"]
[White "Baeza Escudero, Javier"]
[Black "Hanley, James L"]
[Result "0-1"]
[WhiteElo "2054"]
[BlackElo "2247"]
[PlyCount "57"]
[EventDate "2012.01.28"]
[EventType "swiss"]
[EventRounds "5"]
[EventCountry "ENG"]
[Source "lmi"]
[SourceDate "2012.01.28"]

1. e4 c5 2. Nf3 d6 3. d4 cxd4 4. Nxd4 Nf6 5. Nc3 g6 6. Be3 a6 7. f3 Nbd7 8. Bc4
b5 9. Bb3 Bb7 10. O-O Bg7 11. f4 O-O 12. f5 Nc5 13. fxg6 hxg6 14. Bd5 Nfxe4 15.
Bxb7 Nxc3 16. Qf3 Nxb7 17. bxc3 Qc7 18. Bf2 Rac8 19. a4 e5 20. Ne2 Nc5 21. axb5
axb5 22. Rfb1 Na4 23. Rxb5 Nxc3 24. Nxc3 Qxc3 25. Qxc3 Rxc3 26. Rd5 Rxc2 27.
Rxd6 Rb8 28. Rd3 e4 29. Rg3 0-1

[Event "Tradewise Gibraltar 2012 - Challenger B"]
[Site "Gibraltar ENG"]
[Date "2012.01.28"]
[Round "1.2"]
[White "Byron, Alan M"]
[Black "Whitehead, David J"]
[Result "1-0"]
[WhiteElo "2241"]
[BlackElo "2041"]
[PlyCount "77"]
[EventDate "2012.01.28"]
[EventType "swiss"]
[EventRounds "5"]
[EventCountry "ENG"]
[Source "lmi"]
[SourceDate "2012.01.28"]

1. d4 Nf6 2. Nf3 g6 3. g3 Bg7 4. Bg2 O-O 5. O-O d6 6. c4 Nc6 7. Nc3 a6 8. e3
Bg4 9. h3 Bxf3 10. Bxf3 Nd7 11. Bg2 e5 12. d5 Ne7 13. e4 f5 14. Bg5 h6 15. Bd2
f4 16. h4 g5 17. hxg5 hxg5 18. Bh3 Bf6 19. Kg2 Kg7 20. Rh1 Rh8 21. Bg4 Rxh1 22.
Qxh1 Nb6 23. b3 Ng6 24. Bf5 Qe7 25. Qh5 Qf7 26. Qg4 Rh8 27. Rh1 Rxh1 28. Kxh1
Ne7 29. Be6 Qg6 30. a4 Kh6 31. Kg2 Qh5 32. a5 Qxg4 33. Bxg4 Nbc8 34. Na4 Na7
35. Bb4 Ng6 36. Nc5 dxc5 37. Bxc5 Nb5 38. cxb5 axb5 39. Bc8 1-0

[Event "Tradewise Gibraltar 2012 - Challenger B"]
[Site "Gibraltar ENG"]
[Date "2012.01.28"]
[Round "1.4"]
[White "Vea, Odin Blikra"]
[Black "Suez-Panama, Gilles"]
[Result "1/2-1/2"]
[WhiteElo "2233"]
[BlackElo "2034"]
[PlyCount "71"]
[EventDate "2012.01.28"]
[EventType "swiss"]
[EventRounds "5"]
[EventCountry "ENG"]
[Source "lmi"]
[SourceDate "2012.01.28"]

1. e4 e6 2. d4 d5 3. Nd2 Nf6 4. e5 Nfd7 5. Bd3 c5 6. c3 Nc6 7. Ne2 cxd4 8. cxd4
f6 9. exf6 Qxf6 10. Nf3 h6 11. O-O Bd6 12. Be3 O-O 13. Ng3 Rd8 14. Rc1 Nf8 15.
a3 Bd7 16. Re1 Be8 17. b4 a6 18. Rc2 Bg6 19. Rce2 Rac8 20. h4 Rd7 21. Bxg6 Qxg6
22. h5 Qf7 23. Rc2 Bxg3 24. fxg3 Qxh5 25. Ne5 Qxd1 26. Rxd1 Rdd8 27. Rdc1 Ne7
28. Rc7 Rxc7 29. Rxc7 Nf5 30. Bf2 Nd6 31. g4 Rc8 32. Re7 Re8 33. Rc7 Rc8 34.
Re7 Rc1+ 35. Kh2 Rc2 36. Be1 1/2-1/2

[Event "Tradewise Gibraltar 2012 - Challenger B"]
[Site "Gibraltar ENG"]
[Date "2012.01.28"]
[Round "1.5"]
[White "Carlsten, Peter"]
[Black "Barrenechea Bahamonde, Gustavo"]
[Result "0-1"]
[WhiteElo "2030"]
[BlackElo "2228"]
[PlyCount "152"]
[EventDate "2012.01.28"]
[EventType "swiss"]
[EventRounds "5"]
[EventCountry "ENG"]
[Source "lmi"]
[SourceDate "2012.01.28"]

1. e4 c5 2. Nf3 d6 3. d4 cxd4 4. Qxd4 Nc6 5. Bb5 Bd7 6. Bxc6 Bxc6 7. Nc3 e5 8.
Qd3 h6 9. O-O Nf6 10. Nh4 Bd7 11. Kh1 Be7 12. f4 O-O 13. fxe5 dxe5 14. Nf5 Bxf5
15. Rxf5 Qxd3 16. cxd3 Nd7 17. Be3 Rfc8 18. Raf1 f6 19. d4 exd4 20. Bxd4 Bc5
21. Rd5 Bxd4 22. Rxd4 Ne5 23. h3 Rab8 24. Rf2 b5 25. Kh2 a5 26. Rd5 b4 27. Na4
Rc4 28. Rxa5 Rxe4 29. Rc2 Nc4 30. Ra7 Rb5 31. b3 Ne3 32. Rc5 Rxc5 33. Nxc5 Re5
34. Nd3 Rd5 35. Nxb4 Rd2 36. Nc6 Rxg2+ 37. Kh1 Rb2 38. Nd4 Rd2 39. Ne6 g5 40.
Rg7+ Kh8 41. Rg6 Nd5 42. h4 Rxa2 43. h5 Re2 44. Nd4 Rf2 45. Rxh6+ Kg7 46. Rg6+
Kh7 47. Ne6 Rf3 48. Rg7+ Kh6 49. Rd7 Nb4 50. Nd4 Rh3+ 51. Kg2 Rxh5 52. Rb7 Nd5
53. b4 Nf4+ 54. Kg1 g4 55. b5 Re5 56. Ne2 Nxe2+ 57. Kf2 Nd4 58. b6 Rb5 59. Rd7
Nb3 60. b7 Na5 61. Kg3 Rxb7 62. Rd5 Nc4 63. Rc5 Ne5 64. Rc3 Kg5 65. Rc5 Rb3+
66. Kg2 Kf4 67. Rc2 f5 68. Rf2+ Rf3 69. Ra2 Ng6 70. Ra4+ Kg5 71. Ra5 Nf4+ 72.
Kg1 g3 73. Ra8 Rc3 74. Ra1 Kg4 75. Rd1 Nd3 76. Kg2 Rc2+ 0-1

[Event "Tradewise Gibraltar 2012 - Challenger B"]
[Site "Gibraltar ENG"]
[Date "2012.01.28"]
[Round "1.6"]
[White "Lind, Jan-Olov"]
[Black "Campos Calvo-Sotelo, Juan"]
[Result "1-0"]
[WhiteElo "2219"]
[BlackElo "2028"]
[PlyCount "113"]
[EventDate "2012.01.28"]
[EventType "swiss"]
[EventRounds "5"]
[EventCountry "ENG"]
[Source "lmi"]
[SourceDate "2012.01.28"]

1. e4 e6 2. Nf3 a6 3. d3 c5 4. g3 Nc6 5. Bg2 b5 6. O-O Bb7 7. Re1 h6 8. c3 Qc7
9. d4 Nf6 10. d5 Na5 11. Bf4 Qb6 12. h4 Nh5 13. Bc1 g6 14. b3 O-O-O 15. Be3 Qc7
16. a4 f5 17. axb5 axb5 18. Na3 Ba6 19. Bf1 f4 20. gxf4 Nxf4 21. Bxb5 Bb7 22.
b4 Nh3+ 23. Kg2 g5 24. Kxh3 g4+ 25. Kxg4 Bd6 26. Kh3 Rdg8 27. Be2 exd5 28. Nb5
Qb8 29. bxa5 Bh2 30. Nxh2 Qe5 31. Bg4 h5 32. Bf5 d4 33. cxd4 Qxf5+ 34. Ng4
hxg4+ 35. Kg3 Qf6 36. Rh1 Bxe4 37. Bf4 Bxh1 38. Qxh1 d5 39. Be5 Qg6 40. Nd6+
Kd7 41. Qb1 Rh5 42. Qxg6 Rxg6 43. a6 Rg8 44. a7 Ra8 45. Kxg4 Rh7 46. dxc5 Kc6
47. Nc8 Kxc5 48. Bb8 d4 49. Rc1+ Kb5 50. Rb1+ Ka6 51. Rb6+ Ka5 52. Rd6 Rb7 53.
Rxd4 Rg7+ 54. Kh3 Rg8 55. Ne7 Rgxb8 56. axb8=Q Rxb8 57. Nc6+ 1-0

[Event "Tradewise Gibraltar 2012 - Challenger B"]
[Site "Gibraltar ENG"]
[Date "2012.01.28"]
[Round "1.8"]
[White "Gonzalez Galvan, Juan Manuel"]
[Black "Lam, Daniel King-Wai"]
[Result "1/2-1/2"]
[WhiteElo "2214"]
[BlackElo "2022"]
[PlyCount "133"]
[EventDate "2012.01.28"]
[EventType "swiss"]
[EventRounds "5"]
[EventCountry "ENG"]
[Source "lmi"]
[SourceDate "2012.01.28"]

1. e4 e6 2. d4 d5 3. e5 c5 4. c3 Nc6 5. Nf3 Qb6 6. Bd3 cxd4 7. cxd4 Bd7 8. O-O
Nxd4 9. Nbd2 g6 10. Nxd4 Qxd4 11. Nf3 Qa4 12. b3 Qa5 13. Bd2 Qd8 14. Rc1 Bg7
15. Bb4 Bf8 16. Bd2 Bg7 17. Bb4 Bf8 18. Bd6 Bc6 19. Bxf8 Kxf8 20. Qd2 Kg7 21.
Qf4 f5 22. exf6+ Qxf6 23. Qc7+ Qe7 24. Qe5+ Qf6 25. Qg3 Ne7 26. Rfe1 Rhe8 27.
Ne5 Nf5 28. Qh3 Rac8 29. g4 Nd6 30. Qg3 Nf7 31. h4 Nxe5 32. Rxe5 Rf8 33. h5 Qf4
34. Rc2 Qxg3+ 35. fxg3 Rf3 36. Be2 Rxg3+ 37. Kh2 Kf6 38. Rxe6+ Kxe6 39. Kxg3
gxh5 40. gxh5 Ke5 41. Bg4 Rc7 42. h6 Kf6 43. Kf4 Re7 44. Bf5 Bd7 45. Bd3 Be8
46. Rc5 Bg6 47. Rxd5 Bxd3 48. Rxd3 Re2 49. Rd7 Rxa2 50. Rxh7 Kg6 51. Rxb7 Kxh6
52. b4 Kg6 53. Ke5 Rb2 54. b5 Ra2 55. Kd5 Kf6 56. Rh7 Ra1 57. Kd6 Ra2 58. Rh4
Ra1 59. Rf4+ Kg5 60. Rf2 Ra3 61. Kc6 Kg6 62. Rf8 Kg7 63. Ra8 Ra5 64. Re8 Kf7
65. Re2 Kf6 66. Kc5 a6 67. Kc6 1/2-1/2

[Event "Tradewise Gibraltar 2012 - Challenger B"]
[Site "Gibraltar ENG"]
[Date "2012.01.28"]
[Round "1.9"]
[White "Hamer, Martyn"]
[Black "Spence, David J"]
[Result "0-1"]
[WhiteElo "2010"]
[BlackElo "2213"]
[PlyCount "70"]
[EventDate "2012.01.28"]
[EventType "swiss"]
[EventRounds "5"]
[EventCountry "ENG"]
[Source "lmi"]
[SourceDate "2012.01.28"]

1. e4 e6 2. d4 d5 3. e5 c5 4. c3 Qb6 5. Nf3 Nc6 6. a3 c4 7. Be2 Na5 8. Nbd2 Bd7
9. O-O f6 10. Rb1 O-O-O 11. b3 cxb3 12. c4 Ba4 13. Bb2 Kb8 14. Rc1 Ne7 15. Re1
Nec6 16. c5 Qc7 17. exf6 gxf6 18. Bf1 Re8 19. Nb1 Nd8 20. Nc3 Bc6 21. a4 a6 22.
Ra1 Qd7 23. Nb5 Nc4 24. Bxc4 dxc4 25. Na3 Rg8 26. Re3 Bd5 27. Rc3 e5 28. dxe5
Bxc5 29. g3 Bxa3 30. Rxa3 Qf7 31. exf6 Nc6 32. Re3 Qh5 33. Be5+ Rxe5 34. f7 Rd8
35. Rxe5 Nxe5 0-1

[Event "Tradewise Gibraltar 2012 - Challenger B"]
[Site "Gibraltar ENG"]
[Date "2012.01.28"]
[Round "1.12"]
[White "Tscharotschkin, Michael"]
[Black "Morris-Hill, Ray"]
[Result "1-0"]
[WhiteElo "2195"]
[BlackElo "2005"]
[PlyCount "99"]
[EventDate "2012.01.28"]
[EventType "swiss"]
[EventRounds "5"]
[EventCountry "ENG"]
[Source "lmi"]
[SourceDate "2012.01.28"]

1. e4 d6 2. d4 Nf6 3. Nc3 e5 4. Nf3 Nbd7 5. Bc4 Be7 6. O-O O-O 7. Qe2 exd4 8.
Nxd4 Ne5 9. Bf4 Nxc4 10. Qxc4 c5 11. Nf5 Bxf5 12. exf5 d5 13. Qb5 d4 14. Ne2
Qd5 15. Rfe1 Rfe8 16. Ng3 a6 17. Qb6 Nd7 18. Qc7 Rec8 19. Qa5 b6 20. Qd2 Bd6
21. Bxd6 Qxd6 22. c3 Nf6 23. Rad1 Rd8 24. cxd4 cxd4 25. Ne4 Qc6 26. Nxf6+ Qxf6
27. Qd3 Rd5 28. Qxa6 Rad8 29. Qd3 h6 30. g4 h5 31. f3 hxg4 32. fxg4 Re5 33. Re4
Rxe4 34. Qxe4 d3 35. Rxd3 Rxd3 36. Qxd3 Qxb2 37. a3 Qc1+ 38. Kg2 Qc6+ 39. Kg3
Qf6 40. h3 Qe5+ 41. Kf3 Qc7 42. g5 Qc6+ 43. Kg3 Qc7+ 44. Kg4 Qe7 45. g6 Kf8 46.
Qc4 fxg6 47. Qc8+ Kf7 48. fxg6+ Kxg6 49. Qf5+ Kh6 50. Qh5# 1-0

[Event "Tradewise Gibraltar 2012 - Challenger B"]
[Site "Gibraltar ENG"]
[Date "2012.01.28"]
[Round "1.13"]
[White "Rodriguez Gonzalez, Alex"]
[Black "Agrest, Inna"]
[Result "0-1"]
[WhiteElo "2002"]
[BlackElo "2189"]
[PlyCount "82"]
[EventDate "2012.01.28"]
[EventType "swiss"]
[EventRounds "5"]
[EventCountry "ENG"]
[Source "lmi"]
[SourceDate "2012.01.28"]

1. e4 e5 2. Nc3 Nc6 3. f4 Bb4 4. Nd5 Bc5 5. Nf3 d6 6. Bb5 a6 7. Bxc6+ bxc6 8.
Nc3 Nf6 9. fxe5 dxe5 10. d3 Ng4 11. Qe2 Bf2+ 12. Kd1 Ba7 13. Rf1 Qd6 14. h3 Nf6
15. Bg5 Nd7 16. Nh4 Nc5 17. Qh5 O-O 18. Rf3 f6 19. Bh6 Rf7 20. Rg3 Be6 21. Ke2
Rb8 22. Rf1 Rxb2 23. Kd1 Rb8 24. Nf5 Bxf5 25. Rxf5 Ne6 26. Qh4 Kh8 27. Bd2 Bd4
28. Rh5 Nf8 29. Qg4 Qe6 30. Qxe6 Nxe6 31. Rf5 Nf4 32. Rg4 g6 33. Rfxf4 exf4 34.
Rxf4 Rd7 35. g4 g5 36. Rf3 Kg7 37. Ke2 Rb2 38. Nd1 Rxc2 39. Ne3 Rxa2 40. Nf5+
Kf8 41. h4 Bc3 0-1

[Event "Tradewise Gibraltar 2012 - Challenger B"]
[Site "Gibraltar ENG"]
[Date "2012.01.28"]
[Round "1.14"]
[White "Peredy, Ferenc"]
[Black "Salomon, Johan"]
[Result "1/2-1/2"]
[WhiteElo "2180"]
[BlackElo "2002"]
[PlyCount "68"]
[EventDate "2012.01.28"]
[EventType "swiss"]
[EventRounds "5"]
[EventCountry "ENG"]
[Source "lmi"]
[SourceDate "2012.01.28"]

1. d4 Nf6 2. Bg5 e6 3. Nd2 d5 4. e3 c5 5. c3 Nc6 6. Bd3 e5 7. dxe5 Nxe5 8. Bc2
Be7 9. Ngf3 Nc6 10. h3 O-O 11. O-O Be6 12. Qb1 h6 13. Bf4 Rc8 14. Rd1 b5 15. c4
Qb6 16. cxd5 Nxd5 17. Bg3 Rfd8 18. a3 a5 19. Nh4 Bf8 20. Ndf3 b4 21. Ne5 Nxe5
22. Bxe5 c4 23. Bd4 Bc5 24. Nf3 c3 25. axb4 axb4 26. b3 Nc7 27. Bxc5 Qxc5 28.
Nd4 Bd7 29. Bd3 Qb6 30. Qc2 Ne6 31. Nf5 Qc5 32. Bc4 Bc6 33. Nxh6+ gxh6 34. Bxe6
fxe6 1/2-1/2

[Event "Tradewise Gibraltar 2012 - Challenger B"]
[Site "Gibraltar ENG"]
[Date "2012.01.28"]
[Round "1.15"]
[White "Campbell, Ian"]
[Black "Vanparys, Philip"]
[Result "0-1"]
[WhiteElo "2001"]
[BlackElo "2174"]
[PlyCount "64"]
[EventDate "2012.01.28"]
[EventType "swiss"]
[EventRounds "5"]
[EventCountry "ENG"]
[Source "lmi"]
[SourceDate "2012.01.28"]

1. d4 d6 2. Nf3 f5 3. Bf4 Nf6 4. e3 g6 5. Nbd2 Bg7 6. c3 Nc6 7. Qc2 h6 8. h3
O-O 9. Be2 Qe8 10. O-O-O e5 11. dxe5 dxe5 12. Bh2 Kh7 13. Rhf1 a6 14. Nb3 Qe7
15. Nfd2 a5 16. a4 Be6 17. Bc4 Bxc4 18. Nxc4 Rfb8 19. Na3 Nd8 20. Qd3 Ra6 21.
Nb5 Nf7 22. Qe2 c6 23. Na3 Nd5 24. g4 Nxc3 25. Qc2 Na2+ 26. Kb1 Nb4 27. Qe2 b5
28. gxf5 gxf5 29. axb5 cxb5 30. Nd4 exd4 31. Bxb8 Qe4+ 32. Nc2 d3 0-1

[Event "Tradewise Gibraltar 2012 - Challenger B"]
[Site "Gibraltar ENG"]
[Date "2012.01.28"]
[Round "1.16"]
[White "Daoudi, Kamal"]
[Black "Mihajlov, Sebastian"]
[Result "1-0"]
[WhiteElo "2165"]
[BlackElo "1974"]
[PlyCount "53"]
[EventDate "2012.01.28"]
[EventType "swiss"]
[EventRounds "5"]
[EventCountry "ENG"]
[Source "lmi"]
[SourceDate "2012.01.28"]

1. e4 e5 2. Nf3 Nc6 3. Bb5 a6 4. Ba4 Nf6 5. O-O b5 6. Bb3 Bb7 7. d3 Be7 8. Re1
d6 9. c3 O-O 10. a4 Re8 11. Na3 Bf8 12. Bg5 Na7 13. Nc2 g6 14. Ne3 h6 15. Bh4
Bg7 16. Ng4 h5 17. Bxf6 Bxf6 18. Nh6+ Kg7 19. Nxf7 Qe7 20. Qd2 d5 21. N7g5 c6
22. d4 exd4 23. exd5 Qd7 24. Ne6+ Kh7 25. Nfg5+ Kh8 26. Nc5 dxc3 27. bxc3 1-0

[Event "Tradewise Gibraltar 2012 - Challenger B"]
[Site "Gibraltar ENG"]
[Date "2012.01.28"]
[Round "1.17"]
[White "Iasman, Inna"]
[Black "Rodriguez Boado, Martin"]
[Result "0-1"]
[WhiteElo "1951"]
[BlackElo "2164"]
[PlyCount "80"]
[EventDate "2012.01.28"]
[EventType "swiss"]
[EventRounds "5"]
[EventCountry "ENG"]
[Source "lmi"]
[SourceDate "2012.01.28"]

1. d4 Nf6 2. c4 e6 3. Nf3 Bb4+ 4. Bd2 a5 5. Nc3 O-O 6. e3 b6 7. Bd3 Bb7 8. O-O
Re8 9. a3 Bd6 10. e4 e5 11. dxe5 Bxe5 12. Nxe5 Rxe5 13. f4 Rxe4 14. Nxe4 Nxe4
15. Bxe4 Bxe4 16. Qe2 f5 17. Bc3 Nc6 18. b4 Qf8 19. c5 bxc5 20. Qc4+ d5 21.
Qxc5 Qxc5+ 22. bxc5 d4 23. Be1 Rb8 24. Bf2 Rb2 25. Rfd1 Kf7 26. h3 Ke6 27. g4
Kd5 28. gxf5 Bxf5 29. Kg2 h5 30. h4 Be4+ 31. Kf1 a4 32. Ke1 Rb3 33. Rd2 Rh3 34.
Rda2 Na5 35. Bg1 Nb3 36. Rd1 Nxc5 37. Rh2 Rf3 38. Rf2 Rg3 39. Bh2 Rh3 40. f5
Rxh4 0-1

[Event "Tradewise Gibraltar 2012 - Challenger B"]
[Site "Gibraltar ENG"]
[Date "2012.01.28"]
[Round "1.19"]
[White "Bucknell, Malcolm Gordon"]
[Black "Erdelyi, Tamas Dr"]
[Result "1/2-1/2"]
[WhiteElo "1937"]
[BlackElo "2157"]
[PlyCount "86"]
[EventDate "2012.01.28"]
[EventType "swiss"]
[EventRounds "5"]
[EventCountry "ENG"]
[Source "lmi"]
[SourceDate "2012.01.28"]

1. d4 Nf6 2. Nf3 c5 3. g3 b6 4. Bg2 Bb7 5. O-O cxd4 6. Qxd4 d6 7. Bg5 Nbd7 8.
c4 g6 9. Nc3 Bg7 10. Rac1 Rc8 11. b3 h6 12. Be3 O-O 13. Qd2 Kh7 14. h3 Rb8 15.
Rfd1 a6 16. Nd5 Re8 17. Bd4 Ba8 18. Bc3 Ne4 19. Qc2 Nxc3 20. Nxc3 Rc8 21. Qb1
Qc7 22. a4 Qb8 23. h4 Nf6 24. Nd5 h5 25. Ng5+ Kg8 26. Qd3 Bxd5 27. Bxd5 Nxd5
28. Qxd5 Rf8 29. Kh2 Rc5 30. Qe4 Bf6 31. f4 Rfc8 32. b4 R5c7 33. Qd5 Bxg5 34.
Qxg5 Qb7 35. Rd4 Kg7 36. f5 b5 37. fxg6 fxg6 38. axb5 Rf8 39. Rf4 Rxf4 40. Qxf4
axb5 41. Rf1 e5 42. Qf8+ Kh7 43. Qxd6 Rf7 1/2-1/2

[Event "Tradewise Gibraltar 2012 - Challenger B"]
[Site "Gibraltar ENG"]
[Date "2012.01.28"]
[Round "1.20"]
[White "Samu, Sorin-Mihai"]
[Black "Dimitrijevic, Dragan"]
[Result "0-1"]
[WhiteElo "2156"]
[BlackElo "1937"]
[PlyCount "104"]
[EventDate "2012.01.28"]
[EventType "swiss"]
[EventRounds "5"]
[EventCountry "ENG"]
[Source "lmi"]
[SourceDate "2012.01.28"]

1. e4 c5 2. Nc3 a6 3. Nf3 d6 4. a4 Nf6 5. d4 cxd4 6. Nxd4 e6 7. Be2 Be7 8. Be3
O-O 9. Qd2 Nc6 10. Nb3 Qc7 11. a5 Ne5 12. Qd4 Bd7 13. f4 Nc6 14. Qd2 d5 15. Bb6
Qc8 16. e5 Ne4 17. Nxe4 dxe4 18. Nc5 Bxc5 19. Bxc5 Re8 20. O-O-O Nb8 21. Qb4
Bc6 22. Rd6 Nd7 23. Be3 Qc7 24. Rhd1 Rac8 25. c3 Bd5 26. Kb1 Nc5 27. R6xd5 exd5
28. Rxd5 Nd7 29. Bg4 Rcd8 30. Rd6 h6 31. Bf5 Nxe5 32. fxe5 Rxe5 33. Rxd8+ Qxd8
34. Bxe4 Qe8 35. Bxb7 Rxe3 36. Bxa6 Re1+ 37. Ka2 Qd8 38. Bc4 Re5 39. a6 Ra5+
40. Qa3 Rxa3+ 41. Kxa3 Qa5+ 42. Kb3 Kf8 43. Kc2 Qc5 44. Bd3 Qf2+ 45. Kb3 Ke7
46. Be4 Qb6+ 47. Kc2 Qxa6 48. Bf3 f5 49. b4 Qc4 50. Kd2 g5 51. h3 g4 52. hxg4
fxg4 0-1

[Event "Tradewise Gibraltar 2012 - Challenger B"]
[Site "Gibraltar ENG"]
[Date "2012.01.28"]
[Round "1.21"]
[White "Helin, Mikael"]
[Black "Jaunooby, Ali R"]
[Result "0-1"]
[WhiteElo "1935"]
[BlackElo "2146"]
[PlyCount "56"]
[EventDate "2012.01.28"]
[EventType "swiss"]
[EventRounds "5"]
[EventCountry "ENG"]
[Source "lmi"]
[SourceDate "2012.01.28"]

1. e4 g6 2. Nc3 c5 3. g3 Nc6 4. Bg2 Bg7 5. d3 d6 6. h3 Rb8 7. Nge2 b5 8. O-O b4
9. Nd5 e6 10. Ne3 Nge7 11. f4 f5 12. g4 Nd4 13. Ng3 O-O 14. a4 Kh8 15. Bd2 Ba6
16. g5 b3 17. c3 Bxd3 18. Rf2 Nc2 19. Rc1 c4 20. h4 Qb6 21. Nef1 e5 22. h5 exf4
23. a5 Qc5 24. Nxf5 gxf5 25. g6 fxe4 26. Bxe4 Bxe4 27. Qg4 Rf5 28. Bxf4 Rbf8
0-1

[Event "Tradewise Gibraltar 2012 - Challenger B"]
[Site "Gibraltar ENG"]
[Date "2012.01.28"]
[Round "1.22"]
[White "Hagen, Anders Gjerdrum"]
[Black "Jablon, Stephen"]
[Result "1-0"]
[WhiteElo "2139"]
[BlackElo "1931"]
[PlyCount "131"]
[EventDate "2012.01.28"]
[EventType "swiss"]
[EventRounds "5"]
[EventCountry "ENG"]
[Source "lmi"]
[SourceDate "2012.01.28"]

1. d4 Nf6 2. c4 e6 3. Nf3 b6 4. g3 Bb7 5. Bg2 Bb4+ 6. Nbd2 c5 7. a3 Bxd2+ 8.
Qxd2 cxd4 9. Qxd4 Nc6 10. Qf4 Rc8 11. b4 Nh5 12. Qg4 Qf6 13. Rb1 Qg6 14. Qxg6
hxg6 15. Nd2 Nd8 16. e4 e5 17. Bb2 d6 18. Ke2 Ne6 19. Rbc1 Ke7 20. Ke3 Rc7 21.
Bf3 Rhc8 22. Rhd1 Nf6 23. h4 Rh8 24. Rh1 Rcc8 25. Be2 Rh7 26. f3 Rch8 27. Rhd1
Nd7 28. Nb3 f5 29. c5 dxc5 30. bxc5 f4+ 31. Kf2 fxg3+ 32. Kxg3 bxc5 33. Bb5 Rd8
34. Bxd7 Rxd7 35. Rxd7+ Kxd7 36. Nxc5+ Nxc5 37. Rxc5 Rh5 38. Rb5 Bc6 39. Ra5 g5
40. Rxa7+ Kd6 41. Rxg7 gxh4+ 42. Kg4 h3 43. Rg6+ Kd7 44. Bxe5 Rxe5 45. Kxh3 Ra5
46. Kg4 Rxa3 47. Kf4 Ra1 48. Ke5 Re1 49. Rg7+ Ke8 50. Kd6 Bxe4 51. Re7+ Kf8 52.
fxe4 Rd1+ 53. Ke6 Re1 54. Rf7+ Kg8 55. Rf4 Re2 56. Ke7 Kg7 57. Rg4+ Kh6 58. Kf6
Kh5 59. Rg5+ Kh4 60. e5 Ra2 61. e6 Rf2+ 62. Rf5 Ra2 63. e7 Ra6+ 64. Kf7 Ra7 65.
Kf8 Kg4 66. Rf7 1-0

[Event "Tradewise Gibraltar 2012 - Challenger B"]
[Site "Gibraltar ENG"]
[Date "2012.01.28"]
[Round "1.23"]
[White "Gautier, Joel"]
[Black "Wiedersich, Jens"]
[Result "1-0"]
[WhiteElo "1930"]
[BlackElo "2139"]
[PlyCount "63"]
[EventDate "2012.01.28"]
[EventType "swiss"]
[EventRounds "5"]
[EventCountry "ENG"]
[Source "lmi"]
[SourceDate "2012.01.28"]

1. e4 c5 2. d3 Nc6 3. Nf3 g6 4. g3 Bg7 5. Bg2 Qb6 6. c3 d6 7. O-O Nf6 8. Na3
O-O 9. Nc4 Qc7 10. a4 d5 11. exd5 Nxd5 12. Ng5 Nf6 13. Re1 Bg4 14. Qc2 Rfe8 15.
Be3 h6 16. Ne4 Nxe4 17. dxe4 Rad8 18. Bxc5 Be6 19. Ne3 Na5 20. Bb4 Nb3 21. Rad1
a5 22. Ba3 Rxd1 23. Rxd1 Qc6 24. Nd5 Bxd5 25. Rxd5 e6 26. Rd6 Qxa4 27. Qd1 b5
28. e5 Bf8 29. Bc6 Bxd6 30. Bxe8 Bxa3 31. Qd7 Qe4 32. Bxf7+ 1-0

[Event "Tradewise Gibraltar 2012 - Challenger B"]
[Site "Gibraltar ENG"]
[Date "2012.01.28"]
[Round "1.24"]
[White "Diaz Velandia, Jose Manuel"]
[Black "Serarols Mabras, Bernat"]
[Result "1-0"]
[WhiteElo "2136"]
[BlackElo "1914"]
[PlyCount "103"]
[EventDate "2012.01.28"]
[EventType "swiss"]
[EventRounds "5"]
[EventCountry "ENG"]
[Source "lmi"]
[SourceDate "2012.01.28"]

1. d4 Nf6 2. Nf3 d5 3. e3 e6 4. Bd3 c5 5. c3 Nbd7 6. Nbd2 b6 7. e4 dxe4 8. Nxe4
Bb7 9. Bg5 Be7 10. Bxf6 Nxf6 11. Bb5+ Kf8 12. Nxf6 Bxf6 13. dxc5 Qxd1+ 14. Rxd1
bxc5 15. O-O Bd5 16. c4 Bxf3 17. gxf3 Bxb2 18. Rd7 Bd4 19. Rb1 Rb8 20. Rxa7 g6
21. Re1 e5 22. f4 Kg7 23. fxe5 Ra8 24. Rxa8 Rxa8 25. a4 Ra7 26. Kg2 g5 27. Re2
Re7 28. a5 Rxe5 29. Ra2 Re7 30. a6 Ra7 31. Bc6 f5 32. Bb7 Kf6 33. Re2 Be5 34.
h3 h5 35. f3 g4 36. fxg4 hxg4 37. hxg4 fxg4 38. Rf2+ Ke7 39. Rf5 Bd6 40. Rg5 g3
41. Rg6 Kd7 42. Kf3 Be5 43. Ke4 Bd4 44. Rxg3 Kc7 45. Rh3 Kb8 46. Rh7 Bc3 47.
Kd5 Bd4 48. Rf7 Rxb7 49. axb7 Bg1 50. Kc6 Bh2 51. Rf8+ Ka7 52. Ra8# 1-0

[Event "Tradewise Gibraltar 2012 - Challenger B"]
[Site "Gibraltar ENG"]
[Date "2012.01.28"]
[Round "1.25"]
[White "Livesey, R Nigel"]
[Black "Ranaivoharisoa, Alain"]
[Result "0-1"]
[WhiteElo "1907"]
[BlackElo "2135"]
[PlyCount "50"]
[EventDate "2012.01.28"]
[EventType "swiss"]
[EventRounds "5"]
[EventCountry "ENG"]
[Source "lmi"]
[SourceDate "2012.01.28"]

1. c4 c6 2. Nf3 d5 3. g3 Nf6 4. Bg2 e6 5. O-O Be7 6. Qc2 O-O 7. d4 dxc4 8. Nbd2
b5 9. a4 Nd5 10. axb5 cxb5 11. Ne5 Qb6 12. e4 Nb4 13. Qc3 N8c6 14. Ndf3 Nxe5
15. Nxe5 f6 16. Ng4 e5 17. dxe5 Bxg4 18. exf6 Bc5 19. fxg7 Rxf2 20. Rxf2 Nd3
21. e5 Bxf2+ 22. Kf1 Be1 23. Bd5+ Kxg7 24. Qxe1 Nxe1 25. Bxa8 Nd3 0-1

[Event "Tradewise Gibraltar 2012 - Challenger B"]
[Site "Gibraltar ENG"]
[Date "2012.01.28"]
[Round "1.26"]
[White "Gieritz, Dietmar"]
[Black "Annetts, Ivor S"]
[Result "0-1"]
[WhiteElo "2134"]
[BlackElo "1895"]
[PlyCount "76"]
[EventDate "2012.01.28"]
[EventType "swiss"]
[EventRounds "5"]
[EventCountry "ENG"]
[Source "lmi"]
[SourceDate "2012.01.28"]

1. Nf3 d5 2. g3 Nf6 3. Bg2 c6 4. O-O Bf5 5. d4 e6 6. c4 h6 7. Nc3 Nbd7 8. a4 a5
9. Qb3 Qb6 10. Qa2 Bc2 11. b4 Bf5 12. b5 Bb4 13. c5 Qd8 14. Qb3 Bxc3 15. Qxc3
Ne4 16. Qb2 g5 17. Nd2 Nxd2 18. Bxd2 O-O 19. Bc3 Bg6 20. Qd2 f5 21. b6 h5 22.
Bxa5 f4 23. Ra3 Qe7 24. Bb4 e5 25. Re1 e4 26. e3 f3 27. Bf1 g4 28. h4 gxh3 29.
Kh2 Bf5 30. a5 Nb8 31. a6 Nxa6 32. Rea1 h4 33. gxh4 Qg7 34. Rxa6 Rxa6 35. Rxa6
bxa6 36. b7 Qc7+ 37. Kh1 Qxb7 38. Ba3 Qb1 0-1

[Event "Tradewise Gibraltar 2012 - Challenger B"]
[Site "Gibraltar ENG"]
[Date "2012.01.28"]
[Round "1.27"]
[White "Knudsen, Jes West"]
[Black "Kandic, Milan"]
[Result "1-0"]
[WhiteElo "1892"]
[BlackElo "2131"]
[PlyCount "113"]
[EventDate "2012.01.28"]
[EventType "swiss"]
[EventRounds "5"]
[EventCountry "ENG"]
[Source "lmi"]
[SourceDate "2012.01.28"]

1. e4 d6 2. d4 Nf6 3. Nc3 e5 4. dxe5 dxe5 5. Qxd8+ Kxd8 6. Nf3 Bd6 7. Bc4 Be6
8. Bxe6 fxe6 9. O-O Nc6 10. Rd1 Ke7 11. Bg5 h6 12. Bh4 g5 13. Bg3 a6 14. a4
Rhg8 15. h4 g4 16. Nd2 Nh5 17. Ne2 Nf4 18. Nc1 Nd4 19. c3 Nde2+ 20. Nxe2 Nxe2+
21. Kh2 b5 22. Re1 Nf4 23. Ra2 Nd3 24. Re3 Nc5 25. a5 Nd7 26. b4 c5 27. Rb2
cxb4 28. cxb4 Rac8 29. Rd3 h5 30. f3 Nf6 31. Bf2 Rgd8 32. Be3 gxf3 33. gxf3 Kf7
34. Bb6 Rd7 35. Rbb3 Rc2 36. Be3 Be7 37. Rxd7 Nxd7 38. Kg3 Nb8 39. Nf1 Nc6 40.
Bd2 Ke8 41. Bc3 Nd4 42. Bxd4 exd4 43. Kf4 Bxh4 44. Ke5 Rf2 45. Rb1 d3 46. Kxe6
d2 47. Rd1 Rxf1 48. Rxd2 Rxf3 49. Rh2 Be7 50. Rxh5 Rf6+ 51. Kd5 Bxb4 52. e5 Rg6
53. e6 Bxa5 54. Rh8+ Ke7 55. Rh7+ Kf6 56. Rf7+ Kg5 57. e7 1-0